00349nam a2200109 4500008001000000082001500010100002300025245002800048260005200076300003500128650007600163708 R549v a708bR549v aRiedel, Verónica aThe Making of a Mestiza aMiami, FloridabBernice Steinbaum Galleryc2005 a44 p.bill (col)c25 x 21.5 cm xarte contemporáneoxarte - exhibicionesxarte - mujeresxfotografía